[Event "GER-ch U25-B"]
[Site "Willingen"]
[Date "2018.05.25"]
[Round "8"]
[White "Ljuca, Rijad"]
[Black "Chlechowitz, Maximilian"]
[Result "0-1"]
[WhiteElo "1518"]
[BlackElo "1622"]
[PlyCount "55"]
[EventDate "2018.05.19"]
[EventType "swiss"]
[EventRounds "9"]
[EventCountry "GER"]
[SourceTitle "CBM 184 Extra"]
[Source "ChessBase"]
[SourceDate "2018.06.28"]
[SourceVersion "1"]
[SourceVersionDate "2018.06.28"]
[SourceQuality "1"]

1. e4 d6 2. d4 Nf6 3. Nc3 e5 4. f4 Nbd7 5. Nf3 exd4 6. Qxd4 Be7 7. Bc4 0-0 8. Bd2 Nc5 9. b4 Ne6 10. Bxe6 Bxe6 11. 0-0 c5 12. bxc5 dxc5 13. Qxd8 Raxd8 14. Be3 b6 15. Rad1 Bc8 16. Rxd8 Rxd8 17. Rd1 Rxd1+ 18. Nxd1 Nxe4 19. Nd2 Nxd2 20. Bxd2 f6 21. Ne3 Be6 22. a4 Kf8 23. Kf2 h5 24. Kf3 Bd8 25. Ke4 Bd7 26. a5 bxa5 27. Kd5 Bb6 28. Nc4 0-1

[Event "GER-ch U25-B"]
[Site "Willingen"]
[Date "2018.05.23"]
[Round "5"]
[White "Chlechowitz, Maximilian"]
[Black "Stuelcken, Philipp"]
[Result "0-1"]
[WhiteElo "1622"]
[BlackElo "1481"]
[PlyCount "104"]
[EventDate "2018.05.19"]
[EventType "swiss"]
[EventRounds "9"]
[EventCountry "GER"]
[SourceTitle "CBM 184 Extra"]
[Source "ChessBase"]
[SourceDate "2018.06.28"]
[SourceVersion "1"]
[SourceVersionDate "2018.06.28"]
[SourceQuality "1"]

1. d4 Nf6 2. Nf3 e6 3. Nbd2 d5 4. e3 Nbd7 5. Bd3 Bd6 6. e4 dxe4 7. Nxe4 Nxe4 8. Bxe4 Nf6 9. Bd3 Bd7 10. 0-0 0-0 11. c4 c5 12. dxc5 Bxc5 13. Ne5 Be8 14. Qc2 Qc7 15. Re1 Bd6 16. f4 Nd7 17. Kh1 Rc8 18. Bd2 Nf6 19. Bc3 Qe7 20. a3 Bc6 21. Qf2 Rfd8 22. Bc2 b6 23. Qg3 Bb7 24. Ng4 Nh5 25. Qh3 g6 26. f5 Nf4 27. Nf6+ Qxf6 28. Bxf6 Nxh3 29. Bxd8 Rxd8 30. fxe6 fxe6 31. Rxe6 Bxg2+ 32. Kxg2 Nf4+ 33. Kf3 Nxe6 34. Kg2 Bf4 35. Kh3 Rd2 36. Be4 Ng5+ 37. Kg4 Nxe4 38. Kxf4 Nf6 39. Kg5 Ne4+ 40. Kf4 Nd6 41. Re1 Rxh2 42. Ke5 Nxc4+ 43. Kf6 Rf2+ 44. Ke7 Kg7 45. Ke8 Rf7 46. Re2 h5 47. Rg2 Nd6+ 48. Kd8 Kh6 49. Rd2 Nf5 50. Ke8 Rg7 51. Rf2 h4 52. Rh2 Rb7 0-1

[Event "GER-ch U25-B"]
[Site "Willingen"]
[Date "2018.05.20"]
[Round "2"]
[White "Matthes, Benjamin"]
[Black "Chlechowitz, Maximilian"]
[Result "1-0"]
[WhiteElo "1751"]
[BlackElo "1622"]
[PlyCount "105"]
[EventDate "2018.05.19"]
[EventType "swiss"]
[EventRounds "9"]
[EventCountry "GER"]
[SourceTitle "CBM 184 Extra"]
[Source "ChessBase"]
[SourceDate "2018.06.28"]
[SourceVersion "1"]
[SourceVersionDate "2018.06.28"]
[SourceQuality "1"]

1. e4 d6 2. d4 Nf6 3. Nc3 e5 4. dxe5 dxe5 5. Qxd8+ Kxd8 6. Bg5 Be6 7. Nd5 Nbd7 8. 0-0-0 Kc8 9. f3 c6 10. Nc3 Bb4 11. Nge2 Kc7 12. Be3 Nb6 13. a3 Nc4 14. Bf2 Ba5 15. g4 Bb6 16. Bg1 Ne8 17. h4 Ned6 18. Bh3 Rhd8 19. Kb1 Rd7 20. Nc1 Rad8 21. Bxb6+ axb6 22. g5 Bxh3 23. Rxh3 Ne3 24. Rd3 Ng2 25. N3e2 Nb5 26. Rxd7+ Rxd7 27. Nd3 f6 28. gxf6 gxf6 29. h5 Ne1 30. f4 Nxd3 31. cxd3 Nd4 32. Nxd4 Rxd4 33. fxe5 fxe5 34. Rf3 c5 35. Kc2 Rd7 36. Rf5 Re7 37. a4 Kd6 38. Rf6+ Re6 39. Rxe6+ Kxe6 40. Kc3 Kf6 41. Kc4 Kg5 42. Kd5 Kxh5 43. Kxe5 Kg5 44. Kd6 h5 45. e5 h4 46. e6 h3 47. e7 h2 48. e8Q h1Q 49. Qe5+ Kg6 50. Qe4+ Qxe4 51. dxe4 Kf7 52. b3 Ke8 53. Kc7 1-0